000 00224nam a2200097Ia 4500
008 240331s9999 xx 000 0 und d
082 _bARI
100 _aAriyarathne,S
245 0 _a Situwam Sahitha Demala janakatha
942 _cL
999 _c5048
_d5048